000
00301nam a2200121 a 4500
008
101022s1964|||| d
245
1
0
_a
Kňažná z Lemúrie
044
_a
xo
_c
SK
041
_a
slo
100
1
_a
Lazarová, Katarína
260
_b
Slovenský spisovateľ
_a
Bratislava
_c
1964
020
_c
14
999
_c
12090
_d
12090